000 00433pab a2200169 454500
008 180718b2010 xxu||||| |||| 00| 0 eng d
100 _aRoy Burman, B.K.
245 _aMilitant left radicalism, state and civil society with special focus on land rights
260 _c2010
300 _ap.29-34
362 _a25 Dec
650 _aCivil society
650 _aLand tenure
773 _aMainstream
908 _aN
909 _a90323
999 _c90323
_d90323